Responses for show #5770 - Friday, October 16, 2009

Terry Linwood game 6.
Clip of this game shown in the 2010-06-06 episode, "Half Measures", of Breaking Bad.

Contestants

[<< previous game]

Evelyn Beddow, a stay-at-home mom from Weston, Florida

Kevin Wilson, a communications specialist from Toronto, Ontario, Canada

Terry Linwood, a bookseller from Plano, Texas (whose 5-day cash winnings total $122,705)

[next game >>]

Jeopardy! Round responses

THE OCEAN
NO. 1 SONGS WITH ONE-WORD TITLES
OFFICIAL STATE THINGS
A HISTORY OF VIOLINS
ON THE WEBSITE'S FRONT PAGE
"GR"AB BAG
    $200 26
icebergs

Kevin
    $200 1
"Help!"

Kevin
    $200 11
the hula

Evelyn
    $200 13
Italy

Evelyn
    $200 19
irs

Terry
    $200 6
grace

Kevin
    $400 27
rips

Kevin
    $400 2
(Alex: [*] if you will, yes.)

"Venus"

Evelyn
    $400 12
an emerald

Terry
    $400 15
Stradivarius

Terry
    $400 20
(Evelyn: What is Sports Illustrated?)
(Kevin: What is si.com?)
[ERRATUM: The link next to the Bill Simmons and Rick Reilly links actually reads "Fantasy Games", not "Fantasy & Games", and there is no such other category or link on the ESPN website.]

ESPN

KevinEvelyn
Triple Stumper
    $400 7
grate

Terry
    $600 28
mollusks

Triple Stumper
    $600 3
"Bubbly"

Evelyn
    $600 14
a mammoth

Kevin
    $600 16
Louis

Terry
    $600 21
ask

Kevin
    $600 8
groom

Evelyn
    $800 29
(Kevin: What is...)
(Alex: Kevin?)
(Kevin: A breaker? [Scoffs])
[The end-of-round signal sounds.]

swell

Kevin
    $800 4
"Reunited"

Terry
    $800 24
moose

Kevin
    $800 17
a bow

Kevin
    $800 22
Flickr

Kevin
    $800 9
grain

Terry
    $1000 5
"Irreplaceable"

Triple Stumper
    $1000 25
(Alex: You are right, with a minute to go.)

saguaro

Kevin
    $1000 18
(Antonio) Vivaldi

Terry
    $1000 23
QVC

Evelyn
    $1000 10
graphology

Terry

Scores at the first commercial break (after clue 15):

Terry Kevin Evelyn
$3,800 $1,000 $2,000

Scores at the end of the Jeopardy! Round:

Terry Kevin Evelyn
$5,600 $4,400 $2,600

Double Jeopardy! Round responses

"LAST" NOVELS
MOVIE DEBUTS
COUNTRIES' NATIVE NAMES
TASTES OF TOKYO
GETTING CONFRONTATIONAL
I GOT A 4-LETTER WORD FOR YA, PAL!
    $400 11
Last of the Mohicans

Evelyn
    $400 21
King Kong

Evelyn
    $400 16
Germany

Terry
    $400 2
sumo

Evelyn
    $400 26
(Evelyn: What is the Hundred Years' War?)

the Thirty Years' War

TerryEvelyn
    $400 1
raid

Kevin
    $800 12
Last Case

Terry
    $800 22
Halloween

Evelyn
    $800 17
Sweden

Kevin
    $800 4
wasabi

Evelyn
    $800 27
the War of 1812

Terry
    $800 3
vice

Kevin
    $3,200 13
The Last Tycoon

Terry
    $1200 23
Warren Beatty

Evelyn
    $1200 18
(Evelyn: What is Bahrain?)

India

Evelyn
Triple Stumper
    $1200 8
(Terry: What is crab?)

shrimp

TerryEvelyn
    $1200 28
the Wars of the Roses

Terry
    $1200 5
toro

Evelyn
    $1600 14
The Last Picture Show

Triple Stumper
    $1600 24
The Lion in Winter

Terry
    $1600 19
Austria

Evelyn
    $1600 9
an eel

Kevin
    $1600 29
town halls

Terry
    $1600 6
solo

Kevin
    $2000 15
The Last Don

Kevin
    $2000 25
Bryce Howard

Terry
    $2000 20
Algeria

Triple Stumper
    $2000 10
(Terry: What is ramen?)

soba

TerryKevin
    $4,000 30
the Boxers

Terry
    $2000 7
yawp

Kevin

Scores at the end of the Double Jeopardy! Round:

Terry Kevin Evelyn
$18,400 $15,600 $9,000

[wagering suggestions for these scores]

Final Jeopardy! Round responses

SCIENTIFIC FIRSTS
(Alex: And I remember hearing about this in 1610 when Galileo made his announcement.)
...
(Alex: And to be very specific, it was one of the [*]s of Jupiter.)
EvelynWhat is a moon?
$0
KevinWhat is a moon?
$15,599
TerryWhat is a comet?
$12,801
a moon

Final scores:

Terry Kevin Evelyn
$5,599 $31,199 $9,000
3rd place: $1,000 New champion: $31,199 2nd place: $2,000

Game dynamics:

Coryat scores:

Terry Kevin Evelyn
$14,400 $16,400 $9,000
19 R
(including 2 DDs),
2 W
18 R,
2 W
(including 1 DD)
15 R,
3 W

Combined Coryat: $39,800

The J! Archive is created by fans, for fans. The Jeopardy! game show and all elements thereof, including but not limited to copyright and trademark thereto, are the property of Jeopardy Productions, Inc. and are protected under law. This website is not affiliated with, sponsored by, or operated by Jeopardy Productions, Inc. Join the discussion at JBoard.tv.